|
|
|
|
| LEADER |
00000nab a2200000 a 4500 |
| 001 |
vtls001017314 |
| 003 |
SK-MaSNL |
| 005 |
20260304051144.0 |
| 008 |
040720e20020608xo 0 slo |
| 035 |
|
|
|a SN3264
|
| 040 |
|
|
|a SNSK
|b slo
|c SNSK
|e AACR2
|
| 041 |
0 |
|
|a slo
|
| 044 |
|
|
|a xo
|c SK
|
| 080 |
|
|
|a 621.313
|2 1981
|
| 080 |
|
|
|a 681.8
|2 1981
|
| 080 |
|
|
|a 778.53
|2 1981
|
| 080 |
|
|
|a 338.45
|2 1981
|
| 100 |
1 |
|
|a Karasová, Erika,
|d 1973-
|4 aut
|9 89869
|
| 245 |
1 |
0 |
|a V regióne pribudla zahraničná spoločnosť, ktorá poskytla prácu stovke Spišiakov
|
| 300 |
|
|
|b 2 foto
|
| 610 |
2 |
7 |
|a CFM Slovakia (Spišská Nová Ves, Slovensko)
|2 SNSK
|9 1021697
|
| 610 |
2 |
7 |
|a Matsushita Audio Video Slovakia, Krompachy
|2 SNSK
|9 1021696
|
| 650 |
0 |
7 |
|a výroba
|2 SNSK
|9 15916
|
| 651 |
|
7 |
|a Spišská Nová Ves (Slovensko)
|2 SNSK
|9 28800
|
| 651 |
|
7 |
|a Singapur
|2 SNSK
|9 19967
|
| 651 |
|
7 |
|a Krompachy (Slovensko)
|2 SNSK
|9 43389
|
| 651 |
|
7 |
|a SN,
|2 SNSK
|9 1021277
|
| 655 |
|
7 |
|a periodikum
|2 snkbucl
|9 29553
|
| 710 |
2 |
|
|a CFM Slovakia, Spišská Nová Ves
|4 aut
|9 1021698
|
| 710 |
2 |
|
|a Matsushita Audio Video Slovakia, Krompachy
|4 aut
|9 1021696
|
| 773 |
0 |
8 |
|t Spišský denník
|g Roč. 4, č.132, 8.6.2002, s. 1
|x 1335-759X
|
| 852 |
|
|
|a ZVYKNI
|b KIS3GCP
|
| 999 |
|
|
|c 2702143
|d 2704073
|